Southville International School and Colleges
Your cart is empty.
  • Cart
  • Lists
    Public lists Eva Luna New books Lux_list list_1
    Your lists Log in to create your own lists
  • Log in to your account
  • Your cookies
  • Search history
Southville International School and Colleges
  • Advanced search
  • Recent comments
  • Most popular
  • Libraries

Log in to your account

Log in with GOOGLE


If you do not have an external account, but do have a local account, you can still log in:

  1. Home
  2. MARC view: Watson and Crick and DNA /
Normal view MARC view ISBD view

Watson and Crick and DNA / (Record no. 8931)

[ view plain ]
MARC details
000 -LEADER
fixed length control field 01495cam a22003614a 4500
001 - CONTROL NUMBER
control field 13592891
003 - CONTROL NUMBER IDENTIFIER
control field OSt
005 - DATE AND TIME OF LATEST TRANSACTION
control field 20140310182049.0
008 - FIXED-LENGTH DATA ELEMENTS--GENERAL INFORMATION
fixed length control field 040514s2005 nyua j b 001 0deng
010 ## - LIBRARY OF CONGRESS CONTROL NUMBER
LC control number 2004011368
020 ## - INTERNATIONAL STANDARD BOOK NUMBER
International Standard Book Number 1404203125 (library binding)
040 ## - CATALOGING SOURCE
Original cataloging agency DLC
Transcribing agency DLC
Modifying agency DLC
042 ## - AUTHENTICATION CODE
Authentication code pcc
050 00 - LIBRARY OF CONGRESS CALL NUMBER
Classification number QP 624
Item number .M366 2005
082 00 - DEWEY DECIMAL CLASSIFICATION NUMBER
Classification number HS 572.86
Item number M36 2005
100 1# - MAIN ENTRY--PERSONAL NAME
Personal name Marx, Christy.
9 (RLIN) 11856
245 10 - TITLE STATEMENT
Title Watson and Crick and DNA /
Statement of responsibility, etc Christy Marx.
250 ## - EDITION STATEMENT
Edition statement 1st ed.
260 ## - PUBLICATION, DISTRIBUTION, ETC. (IMPRINT)
Place of publication, distribution, etc New York :
Name of publisher, distributor, etc Rosen Central Primary Source,
Date of publication, distribution, etc c2005.
300 ## - PHYSICAL DESCRIPTION
Extent 64 p. :
Other physical details ill. ;
Dimensions 27 cm.
440 #0 - SERIES STATEMENT/ADDED ENTRY--TITLE
Title Primary sources of revolutionary scientific discoveries and theories
9 (RLIN) 11857
504 ## - BIBLIOGRAPHY, ETC. NOTE
Bibliography, etc Includes bibliographical references (p. 60-61) and index.
505 0# - FORMATTED CONTENTS NOTE
Formatted contents note Introduction : the human mystery -- Two unusual men -- The world of the 1950s -- Ups and downs -- The pieces come together -- The basics of DNA -- The years that followed -- How DNA is used today.
600 10 - SUBJECT ADDED ENTRY--PERSONAL NAME
Personal name Crick, Francis,
Dates associated with a name 1916-2004
Form subdivision Juvenile literature.
9 (RLIN) 11858
600 10 - SUBJECT ADDED ENTRY--PERSONAL NAME
Personal name Watson, James D.,
Dates associated with a name 1928-
Form subdivision Juvenile literature.
9 (RLIN) 11859
650 #0 - SUBJECT ADDED ENTRY--TOPICAL TERM
Topical term or geographic name as entry element DNA
General subdivision Research
-- History
Form subdivision Juvenile literature.
9 (RLIN) 11860
650 #0 - SUBJECT ADDED ENTRY--TOPICAL TERM
Topical term or geographic name as entry element Molecular biologists
Form subdivision Biography
-- Juvenile literature.
9 (RLIN) 11861
906 ## - LOCAL DATA ELEMENT F, LDF (RLIN)
a 7
b cbc
c orignew
d 1
e ecip
f 20
g y-gencatlg
942 ## - ADDED ENTRY ELEMENTS (KOHA)
Source of classification or shelving scheme Library of Congress Classification
Koha item type
Holdings
Withdrawn status Lost status Source of classification or shelving scheme Damaged status Home library Current library Shelving location Date acquired Total Checkouts Full call number Barcode Date last seen Copy number Price effective from Koha item type
    Library of Congress Classification   Luxembourg Library Luxembourg Library High School Section 08/17/2013   QP 624 .M366 2005 17333 05/21/2015 1 08/17/2013 Books
    Library of Congress Classification   Luxembourg Library Luxembourg Library High School Section 08/17/2013   QP 624 .M366 2005 17332 08/17/2013 2 08/17/2013 Books

Watson and Crick and DNA /

APA

Marx C., . (2005). Watson and Crick and DNA. New York: Rosen Central Primary Source.

Chicago

Marx Christy, . 2005. Watson and Crick and DNA. New York: Rosen Central Primary Source.

Harvard

Marx C., . (2005). Watson and Crick and DNA. New York: Rosen Central Primary Source.

MLA

Marx Christy, . Watson and Crick and DNA. New York: Rosen Central Primary Source. 2005.

  • Place hold
  • Print
  • Cite
  • Add to your cart (remove)
  • Save record
    BIBTEX Dublin Core MARCXML MARC (non-Unicode/MARC-8) MARC (Unicode/UTF-8) MARC (Unicode/UTF-8, Standard) MODS (XML) RIS
  • More searches
    Search for this title in:
    Other Libraries (WorldCat) Other Databases (Google Scholar) Online Stores (Bookfinder.com) Open Library (openlibrary.org)

Exporting to Dublin Core...

SOUTHVILLE LIBRARY

Southville International School and Colleges Library

1281 Tropical Ave. Cor. Luxembourg St., BF Homes International, Las Pinas City

Tel. No. 8256374 / 252358 Loc. 117/146

Powered by Koha